Wuthering heights
Αποθηκεύτηκε σε:
| Κύριος συγγραφέας: | |
|---|---|
| Άλλοι συγγραφείς: | |
| Μορφή: | Βιβλίο |
| Γλώσσα: | English |
| Δημοσίευση: |
Essex, :
Penguin,
c1999.
|
| Σειρά: | Penguin readers ;
Level 5 |
| Θέματα: | |
| Ετικέτες: |
Προσθήκη ετικέτας
Δεν υπάρχουν, Καταχωρήστε ετικέτα πρώτοι!
|
MARC
| LEADER | 00000cam a2200000 i 4500 | ||
|---|---|---|---|
| 001 | 1/101406 | ||
| 008 | 000210s1999 enk| ||| |||| ||eng|| | ||
| 020 | |a 0582419441 | ||
| 035 | |l 10057673 | ||
| 040 | |a GR-MyUA |b gre |e AACR2 | ||
| 041 | 0 | |a eng | |
| 082 | 0 | |a 428.64 | |
| 100 | 1 | |a Bronte, Emily, |d 1818-1848. | |
| 245 | 1 | 0 | |a Wuthering heights / |c Emily Bronte ; retold by Evelyn Attwood. |
| 260 | |a Essex, : |b Penguin, |c c1999. | ||
| 300 | |a vii, 146 σ. | ||
| 490 | 1 | |a (Penguin readers |v ; Level 5) | |
| 650 | 0 | 0 | |a English language |v Textbooks for foreign speakers. |
| 650 | 0 | 0 | |a English language |x Study and teaching |x Foreign speakers. |
| 700 | 1 | |a Attwood, E. M. |q (Evelyn May), |d 1906- |e aui | |
| 767 | 0 | 8 | |i Μεταφρασμένο ως: |t Ανεμοδαρμένα ύψη / |
| 830 | 0 | |a Penguin readers ; |v Level 5 | |
| 852 | |a INST |b CHIOS |e 20000210 |h 428.64 BRO |p 005200018929 |q 005200018929 |t BK |y 0 | ||
| 901 | |a BIBL2-2000-1 | ||
| 909 | |a Χ |b 074213 | ||
| 922 | |a 2ΕΛΗ |b 200002 |c ΤΔΕ |d ΠΑΠΑΣΩΤΗΡΙΟΥ | ||
| 950 | |a 112-1999-11-01 | ||
| 970 | |a ΣΑΛΑΜΟΥΡΑ |b ΜΑΡΙΑ |z 2000/02/21 | ||